Personnages de Grey's Anatomy - Mort Subite - Statistiques

Statistiques générales
  • Ce quiz a été pris 3 609 fois
  • Le résultat moyen est 8 sur 11
Answers on the Grid
Answers color-coded by a green-red scale on the quiz's grid according to % correct below.
Meredith Grey
Derek Shepherd
Alex Karev
Mark Sloan
Levi Schmitt
Andrew DeLuca
Josephine Wilson
Maggie Pierce
Mika Yasuda
April Kepner
Jackson Avery
Lisa Cuddy
Allison Cameron
Lawrence Kutner
Susan Lewis
Doug Ross
Helen Sharpe
Elizabeth Wilder
Floyd Reynolds
Aaron Glassman
Audrey Lim
Claire Browne
Conrad Hawkins
Ian Sullivan
Eleanor O'Hara
Carrie Roman
Bernard Prince
Julian Lynn
 
Statistiques - réponses
Réponse % Correct
Derek Shepherd
84%
Mark Sloan
82%
Meredith Grey
80%
Alex Karev
77%
Andrew DeLuca
77%
April Kepner
77%
Jackson Avery
77%
Maggie Pierce
72%
Josephine Wilson
67%
Levi Schmitt
59%
Mika Yasuda
37%
Aucun quiz correspondant
Distribution des résultats
% des personnes avec chaque résultat
Percentile par nombre de réponses
Votre historique - résultats
Vous n’avez pas pris ce quiz